| Tag |
First Indicator |
Second Indicator |
Subfields |
| LEADER |
00000pam a2200000 a 4500 |
| 001 |
in00000077301 |
| 005 |
20151008060622.0 |
| 008 |
810311s1982 nyu b 00100 eng |
| 010 |
|
|
|a 81002535
|
| 020 |
|
|
|a 0195029828 :
|c $21.95
|
| 020 |
|
|
|a 0195029836 (pbk.) :
|c $12.95
|
| 035 |
|
|
|a (OCoLC)07278144
|
| 035 |
|
|
|9 AAJ6170AM
|
| 039 |
0 |
|
|a 2
|b 3
|c 3
|d 3
|e 3
|
| 040 |
|
|
|a DLC
|c DLC
|d TXA
|d UtOrBLW
|
| 043 |
|
|
|a n-us---
|
| 049 |
|
|
|a TXAM
|c [387917]
|
| 050 |
0 |
0 |
|a HQ1426
|b .W663
|
| 082 |
0 |
|
|a 305.4/0973
|2 19
|
| 245 |
0 |
0 |
|a Women's America :
|b refocusing the past /
|c [edited by] Linda K. Kerber, Jane De Hart Mathews.
|
| 264 |
|
1 |
|a New York :
|b Oxford University Press,
|c 1982.
|
| 300 |
|
|
|a xi, 478 pages ;
|c 25 cm.
|
| 336 |
|
|
|a text
|b txt
|2 rdacontent
|
| 337 |
|
|
|a unmediated
|b n
|2 rdamedia
|
| 338 |
|
|
|a volume
|b nc
|2 rdacarrier
|
| 500 |
|
|
|a Includes index.
|
| 504 |
|
|
|a Bibliography: pages 455-461.
|
| 650 |
|
0 |
|a Women
|z United States
|x History
|v Sources.
|
| 650 |
|
0 |
|a Women
|x Employment
|z United States
|x History
|x Sources.
|
| 650 |
|
0 |
|a Women
|x Political activity
|z United States
|x History
|x Sources.
|
| 650 |
|
0 |
|a Women
|x Health and hygiene
|z United States
|x History
|x Sources.
|
| 650 |
|
0 |
|a Feminism
|z United States
|x History
|v Sources.
|
| 700 |
1 |
|
|a Kerber, Linda K.
|
| 700 |
1 |
|
|a De Hart, Jane Sherron.
|
| 999 |
|
|
|a MARS
|
| 999 |
f |
f |
|s af06f392-fd2b-35b4-a520-80fb97640314
|i 743b49cb-e8f6-38c3-972e-32e78e43c89c
|t 0
|
| 952 |
f |
f |
|p ric
|a Texas A&M University
|b Rellis Campus
|c Joint Library Facility
|d Remote Storage
|t 0
|e HQ1426 .W663
|h Library of Congress classification
|i unmediated -- volume
|m A14806143552
|
| 998 |
f |
f |
|a HQ1426 .W663
|t 0
|l Remote Storage
|